00572nam a2200193 a 4500008004100000020001500041050002000056100001800076245005300094246002500147260004200172300002300214350000900237500004300246650001200289650003700301700002100338700001900359120416s1983 ||||||||||||||||| || u a0471900729 aHD 7288.A87 Swa aSwan, Peter J10aManagement of sites and services housing schemes athe Asian experience aChichesterbJohn Wiley and Sonsc1983 axii, 150 p. : ill. a0.00 aIncludes index. -Bibliography: p. 148. aHOUSING aPUBLIC HOUSING--ASIA--CONGRESSES aWegelin, Emiel A aPanchee, Komol